| 000 | 00465nam a2200193Ia 4500 | ||
|---|---|---|---|
| 005 | 20240823025400.0 | ||
| 008 | 240823s9999||||xx |||||||||||||| ||und|| | ||
| 020 | _a978-81-312-2321-5 | ||
| 041 | _aENGLISH | ||
| 082 | _A620.11 P9 | ||
| 100 | _aTraugott Fischer | ||
| 245 | 0 | _aMaterials Science for Engineering Students | |
| 250 | _a1st | ||
| 260 |
_c2009 _bEl |
||
| 500 | _aYES | ||
| 650 |
_aMaterials Science _bMechanical |
||
| 942 | _cBK | ||
| 999 |
_c186185 _d186185 |
||